000
00275nam a2200097Ia 4500
001
807934
005
20250826171240.0
008
250824s9999 xx 000 0 und d
245
0
_a
SİLAHIM VE NAMUSUM ÜZERİNE YEMİN EDERİM Kİ
_c
ERGUN HİÇYILMAZ
260
_b
DESTEK YAYINLARI
999
_c
807934
_d
807934